<?xml version="1.0" encoding="UTF-8"?>
<record
    xmlns:xsi="http://www.w3.org/2001/XMLSchema-instance"
    xsi:schemaLocation="http://www.loc.gov/MARC21/slim http://www.loc.gov/standards/marcxml/schema/MARC21slim.xsd"
    xmlns="http://www.loc.gov/MARC21/slim">

  <leader>01820nam a22002417a 4500</leader>
  <controlfield tag="001">9159</controlfield>
  <controlfield tag="003">FISKH</controlfield>
  <controlfield tag="005">20260325093020.0</controlfield>
  <controlfield tag="008">251126b        cb ||||| |||| 00| 0 eng d</controlfield>
  <datafield tag="020" ind1=" " ind2=" ">
    <subfield code="a">9789995002169</subfield>
  </datafield>
  <datafield tag="040" ind1=" " ind2=" ">
    <subfield code="a">FISKH</subfield>
    <subfield code="b">khr</subfield>
    <subfield code="c">FISKH</subfield>
    <subfield code="d">FISKH</subfield>
  </datafield>
  <datafield tag="050" ind1=" " ind2=" ">
    <subfield code="a">PZ7</subfield>
  </datafield>
  <datafield tag="082" ind1=" " ind2=" ">
    <subfield code="a">372.6</subfield>
  </datafield>
  <datafield tag="100" ind1=" " ind2=" ">
    <subfield code="a">Sombo, Prey</subfield>
  </datafield>
  <datafield tag="245" ind1=" " ind2=" ">
    <subfield code="a">&#x179F;&#x17C0;&#x179C;&#x1797;&#x17C5;&#x17A0;&#x17D2;&#x179C;&#x17B9;&#x1780;&#x17A0;&#x17B6;&#x178F;&#x17CB; &#x179F;&#x179A;&#x179F;&#x17C1;&#x179A;&#x178F;&#x17B6;&#x1798;&#x17A2;&#x17B6;&#x1793;&#x1793;&#x17B7;&#x1784;&#x178F;&#x17C2;&#x1784;&#x179F;&#x17C1;&#x1785;&#x1780;&#x17D2;&#x178F;&#x17B8; &#x1790;&#x17D2;&#x1793;&#x17B6;&#x1780;&#x17CB;&#x1791;&#x17B8; &#x17E4; /</subfield>
    <subfield code="c">&#x17A2;&#x17D2;&#x1793;&#x1780;&#x1793;&#x17B7;&#x1796;&#x1793;&#x17D2;&#x1792;&#x1793;&#x17B7;&#x1784;&#x179A;&#x17C0;&#x1794;&#x179A;&#x17C0;&#x1784; &#x179B;&#x17C4;&#x1780; &#x1796;&#x17D2;&#x179A;&#x17C3; &#x179F;&#x17C6;&#x1794;&#x17BC;&#x179A; , &#x17A2;&#x17D2;&#x1793;&#x1780;&#x179C;&#x17B6;&#x1799;&#x17A2;&#x178F;&#x17D2;&#x1790;&#x1794;&#x1791; &#x179B;&#x17C4;&#x1780;&#x179F;&#x17D2;&#x179A;&#x17B8; &#x17A0;&#x17B6;&#x1780;&#x17CB; &#x1795;&#x17B6;&#x1793;&#x17D2;&#x1793;&#x17B8; </subfield>
  </datafield>
  <datafield tag="260" ind1=" " ind2=" ">
    <subfield code="a">&#x1797;&#x17D2;&#x1793;&#x17C6;&#x1796;&#x17C1;&#x1789; :</subfield>
    <subfield code="b">&#x1782;&#x17D2;&#x179A;&#x17B9;&#x17C7;&#x179F;&#x17D2;&#x1790;&#x17B6;&#x1793;&#x1794;&#x17C4;&#x17C7;&#x1796;&#x17BB;&#x1798;&#x17D2;&#x1796;&#x1793;&#x17B7;&#x1784;&#x1785;&#x17C2;&#x1780;&#x1795;&#x17D2;&#x179F;&#x17B6;&#x1799; , </subfield>
    <subfield code="c">2019&#x200B; .</subfield>
  </datafield>
  <datafield tag="300" ind1=" " ind2=" ">
    <subfield code="a">106 pages : </subfield>
    <subfield code="b">color illustrations ; </subfield>
    <subfield code="c">21 cm .</subfield>
  </datafield>
  <datafield tag="520" ind1=" " ind2=" ">
    <subfield code="a">&#x179F;&#x17C0;&#x179C;&#x1797;&#x17C5;&#x1793;&#x17C1;&#x17C7;&#x178F;&#x17D2;&#x179A;&#x17BC;&#x179C;&#x1794;&#x17B6;&#x1793;&#x179A;&#x17C0;&#x1794;&#x1785;&#x17C6;&#x17A1;&#x17BE;&#x1784; &#x178A;&#x17BE;&#x1798;&#x17D2;&#x1794;&#x17B8;&#x1787;&#x17B6;&#x1787;&#x17C6;&#x1793;&#x17BD;&#x1799;&#x178A;&#x179B;&#x17CB;&#x1780;&#x17B6;&#x179A;&#x1794;&#x1784;&#x17D2;&#x179A;&#x17C0;&#x1793;&#x1793;&#x17B7;&#x1784;&#x179A;&#x17C0;&#x1793;&#x179A;&#x1794;&#x179F;&#x17CB;&#x179B;&#x17C4;&#x1780;&#x1782;&#x17D2;&#x179A;&#x17BC; &#x17A2;&#x17D2;&#x1793;&#x1780;&#x1782;&#x17D2;&#x179A;&#x17BC; &#x179F;&#x17B7;&#x179F;&#x17D2;&#x179F;&#x17B6;&#x1793;&#x17BB;&#x179F;&#x17B7;&#x179F;&#x17D2;&#x179F; &#x1793;&#x17B7;&#x1784;&#x1798;&#x17B7;&#x178F;&#x17D2;&#x178F;&#x17A2;&#x17D2;&#x1793;&#x1780;&#x179F;&#x17B7;&#x1780;&#x17D2;&#x179F;&#x17B6;&#x1791;&#x17B6;&#x17C6;&#x1784;&#x17A2;&#x179F;&#x17CB;&#x179B;&#x17BE;&#x1795;&#x17D2;&#x1793;&#x17C2;&#x1780;&#x179F;&#x179A;&#x179F;&#x17C1;&#x179A;&#x178F;&#x17B6;&#x1798;&#x17A2;&#x17B6;&#x1793; &#x1793;&#x17B7;&#x1784;&#x178F;&#x17C2;&#x1784;&#x179F;&#x17C1;&#x1785;&#x1780;&#x17D2;&#x178F;&#x17B8; &#x178A;&#x17BE;&#x1798;&#x17D2;&#x1794;&#x17B8;&#x17A2;&#x17C4;&#x1799;&#x1791;&#x1791;&#x17BD;&#x179B;&#x1794;&#x17B6;&#x1793;&#x179B;&#x1791;&#x17D2;&#x1792;&#x1795;&#x179B;&#x179B;&#x17D2;&#x17A2; &#x1793;&#x17B7;&#x1784;&#x1794;&#x17D2;&#x179A;&#x1780;&#x1794;&#x178A;&#x17C4;&#x1799;&#x1794;&#x17D2;&#x179A;&#x179F;&#x17B7;&#x1791;&#x17D2;&#x1792;&#x17B7;&#x1797;&#x17B6;&#x1796;&#x1781;&#x17D2;&#x1796;&#x179F;&#x17CB; &#x17D4; </subfield>
  </datafield>
  <datafield tag="520" ind1=" " ind2=" ">
    <subfield code="a">&#x201C;This book has been prepared to support the teaching and learning of teachers, students, and all learners in the areas of writing, reading, and composition, in order to achieve good results and high effectiveness.&#x201D;</subfield>
  </datafield>
  <datafield tag="700" ind1=" " ind2=" ">
    <subfield code="a">Vanten, Houy</subfield>
    <subfield code="e">Illustrator </subfield>
  </datafield>
  <datafield tag="942" ind1=" " ind2=" ">
    <subfield code="2">ddc</subfield>
    <subfield code="c">KHB</subfield>
    <subfield code="n">0</subfield>
  </datafield>
  <datafield tag="999" ind1=" " ind2=" ">
    <subfield code="c">9159</subfield>
    <subfield code="d">9159</subfield>
  </datafield>
  <datafield tag="952" ind1=" " ind2=" ">
    <subfield code="0">0</subfield>
    <subfield code="1">0</subfield>
    <subfield code="2">ddc</subfield>
    <subfield code="4">0</subfield>
    <subfield code="7">0</subfield>
    <subfield code="8">REF</subfield>
    <subfield code="a">002</subfield>
    <subfield code="b">002</subfield>
    <subfield code="c">LSHTTP</subfield>
    <subfield code="d">2025-11-26</subfield>
    <subfield code="l">0</subfield>
    <subfield code="o">SOM PZ7 372.6</subfield>
    <subfield code="p">2025-4910</subfield>
    <subfield code="r">2025-11-26 09:39:00</subfield>
    <subfield code="t">1</subfield>
    <subfield code="w">2025-11-26</subfield>
    <subfield code="y">KHB</subfield>
  </datafield>
  <datafield tag="952" ind1=" " ind2=" ">
    <subfield code="0">0</subfield>
    <subfield code="1">0</subfield>
    <subfield code="2">ddc</subfield>
    <subfield code="4">0</subfield>
    <subfield code="7">0</subfield>
    <subfield code="8">REF</subfield>
    <subfield code="a">002</subfield>
    <subfield code="b">002</subfield>
    <subfield code="c">LSHTTP</subfield>
    <subfield code="d">2026-03-25</subfield>
    <subfield code="l">0</subfield>
    <subfield code="o">SOM PZ7 372.6</subfield>
    <subfield code="p">2026-0372</subfield>
    <subfield code="r">2026-03-25 09:30:17</subfield>
    <subfield code="t">2</subfield>
    <subfield code="w">2026-03-25</subfield>
    <subfield code="y">KHB</subfield>
  </datafield>
</record>
